Torschützenliste der Serie A 2017-2018 - Statistiken

Allgemein
  • Dieses Quiz wurde 27 mal gespielt
  • Das Durchschnittsergebnis liegt bei 7 aus 12
Antwortstatistiken
Tore Nationalität Verein Spieler % Korrekt
29 Italien Lazio Rom Ciro Immobile
100%
18 Belgien SSC Neapel Dries Mertens
96%
16 Bosnien und Herzegowina AS Rom Edin Džeko
92%
16 Argentinien Juventus Turin Gonzalo Higuaín
92%
22 Argentine Juventus Turin Paulo Dybala
92%
29 Argentinien Inter Mailand Mauro Icardi
68%
19 Italien Sampdoria Genua Fabio Quagliarella
64%
12 Serbien Lazio Rom Sergej Milinković-Savić
52%
12 Spanien FC Turin Iago Falque
24%
14 Argentinien AC Florenz Giovanni Simeone
16%
12 Italien Udinese Calcio Kevin Lasagna
4%
12 Italien Chievo Verona Roberto Inglese
0%
Keine übereinstimmenden Quizze gefunden
Verteilung der Resultate
Anzahl Personen mit jedem Resultat
Perzentil nach korrekt beantworteten Fragen
Ihre Resultats-Entwicklung
Sie haben dieses Quiz noch nicht gespielt